Регионална библиотека "Любен Каравелов" - Русе

Die Zauberflöte KV620 (Запис номер 518483)

MARC детайли
000 -Лидер
Лидер 01336njm a2200301 a 4500
003 - Код на организацията, давaща контролен номер
Код на организацията, даваща контролен номер BLK
005 - Дата и час на последна редакция
Дата и час на последна редакция 20241005005458.0
007 - Фиксирано поле за физическо описани
Физическо описание sz bmmelaaahaa
008 - Елементи от данни с фиксирана дължина
Елементи с фиксирана дължина 241004b bul |a|er|||| |0| c|bulo|
028 ## - PUBLISHER NUMBER
Издателски номер 826173 - 826175
040 ## - Източник на каталожния запис
Код на библиотеката BLK
041 ## - Код за език
Език на записа Немски
Език за КДБФ Немски
080 ## - УДК
УДК код 782.1
УДК текст Опера. Музикална драма. Романтична опера. Опера-приказка
УДК – определител (086.72)
УДК – код + определител 782.1(086.72)
100 ## - Редна дума - Автор
Автор Mozart, Wolfgang Amadeus
Години, свързани с автора 1756 - 1791
R(LIN) 386874
245 ## - Сведения за заглавието
Заглавие Die Zauberflöte KV620
Подзаглавни данни Grosse Oper in zwei Aufzügen von Emanuel Schikaneder
Авторска отговорност Wolfgang Amadeus Mozart ; Rundfunkchor Leipzig ; dir. Horst Neumann ; Staatskapelle Dresden ; dir. Otmar Suitner
260 ## - Област на издателските данни
Място на издаване Berlin
Име на издателя Deutsche Schallplatten
Година на издаване 1981
9 (RLIN) 210744
300 ## - Физическа характеристика
Брой страници 3 грамофонни плочи 33 об/мин
Илюстрации стерео
Размер 30 см
380 ## - Жанр
Жанр Изкуство
511 ## - Забележка за участници или изпълнители
Забележка за участници Theo Adam, Bass, Peter Schreier, Tenor, Sylvia Geszty, Sopran, Helen Donath, Sopran...<br/>
650 #0 - Допълнително описание по предмет – тема
Предметна рубрика Опера - Австрия
9 (RLIN) 306625
700 ## - Други автори (авторска отговорност)
Друг автор Моцарт, Волфганг Амадеус
Дати, свързани с автора 1756 - 1791
9 (RLIN) 368558
700 1# - Други автори (авторска отговорност)
9 (RLIN) 25643
Друг автор Suitner, Otmar
710 ## - Име на организация или юридическо лице като допълнителен термин за търсене
9 (RLIN) 494213
Друг колективен автор Staatskapelle Dresden
852 ## - Местоположение
Сигнатура (форматна) Ф II 2117
Отдел Хранилище
856 4# - Електронен адрес и достъп
Електронен формат pdf - файл
Път до файла (ресурса)
Инструкция (цена за достъп) 0.00
Права за достъп disable
942 ## - АРТИКУЛИ
Вид на библиотечния документ Грамофонни плочи
Скрит в OPAC Не
944 ## - СЪЗДАВАНЕ И РЕДАКЦИЯ на ЗАПИСА
Дата на регистрацията/редакция Геновева Генчева
Служител, извършил регистрацията/редакцията
Статус, дата на статуса CRON CRON
Създаване/Редакция
999 ## - СИСТЕМНИ КОНТРОЛНИ НОМЕРА
Koha biblionumber 518483
Koha biblioitemnumber 518483
Наличности
Код за отписване Код за изгубен артикул Източник на класификационната схема Код за повреда Коз за рестрикции Код за отдаване Артикулен № Име на библиотеката - собственик Име на библиотеката, в която се намира в момента Статус (Текущо местоположение) Дата на вписване в системата Местоположение - отдел Цена в лева Номерация (Хронология) Инвентарен номер Систематично азбучна сигнатура Баркод Цена в евро Служебен тип на артикула
  Не е изгубен Universal Decimal Classification Не е повреден само за читалня ползва се в читалня 950794 Регионална библиотека "Любен Каравелов" Русе Регионална библиотека "Любен Каравелов" Русе Хранилище 2024-10-04 Основен фонд - ползва се само за читалня 4.50 1 5728 Ф II 2117 900000107923 2.30 Грамофонни плочи
  Не е изгубен Universal Decimal Classification Не е повреден само за читалня ползва се в читалня 950795 Регионална библиотека "Любен Каравелов" Русе Регионална библиотека "Любен Каравелов" Русе Хранилище 2024-10-04 Основен фонд - ползва се само за читалня 4.50 2 5729 Ф II 2117 900000107924 2.30 Грамофонни плочи
  Не е изгубен Universal Decimal Classification Не е повреден само за читалня ползва се в читалня 950796 Регионална библиотека "Любен Каравелов" Русе Регионална библиотека "Любен Каравелов" Русе Хранилище 2024-10-04 Основен фонд - ползва се само за читалня 4.50 3 5730 Ф II 2117 900000107925 2.30 Грамофонни плочи
Vip Innovations Ltd, Rousse, Bulgaria 2025